| 000 | 01102cam a22002655a 4500 | ||
|---|---|---|---|
| 001 | L138018 | ||
| 002 | 16678 | ||
| 008 | 070511s2007 xxk f 000 0 eng d | ||
| 020 | _a9781843116714 | ||
| 035 | _a(Sirsi) u138018 | ||
| 041 | 0 | _aeng | |
| 050 | 0 | 4 | _a692.8 $2 18 |
| 245 | 0 | 0 | _aConstruction law and management |
| 260 |
_aLondon _bInforma Law _c2007 |
||
| 300 |
_axv, 528p. _c24cm. |
||
| 350 | _a100.00 | ||
| 490 | 0 | _aPractical Construction Guides | |
| 505 | 2 | _aIntroduction to the English and EU legal frameworks -- Materials and communications -- procurement -- Standard forms of contract -- Powers and duties of the employer and contractor -- Change and its effects -- Provisions for managing change -- Remedies for breach -- Claims and dispute resolution | |
| 520 | _aGives an overview of the English legal system relating to construction projects. Discusses dispute resolution, adjudication and the increased use of project mediation. | ||
| 590 | _aKA | ||
| 651 | 4 |
_aUnited Kingdom _y |
|
| 690 |
_aConstruction management _96230 |
||
| 700 | 1 |
_aPickavance, Keith _eEd. |
|
| 942 | _n0 | ||
| 999 |
_c106973 _d106973 |
||